Co s firmou v krizi

Najčastejšie dovôdy zlyhávania firiem v ilustračných príkladoch. Rozdiel v prístupoch spoločností k reštrukturálizáciam v porovnaní so zahraničím ( Česko, Rumunsko, Rusko a bývalá Juhoslávia.

Saved in:
Bibliographic Details
Main Author: Pružinová, Kristýna
Format: Book Chapter
Language:Czech
Subjects:
Tags: Add Tag
No Tags, Be the first to tag this record!

MARC

LEADER 00000naa a2200000 4500
001 0249364
005 20181205115452.5
041 0 |a cze 
044 |a CZ 
245 1 0 |a Co s firmou v krizi  |c Kristýna Pružinová 
520 |a Najčastejšie dovôdy zlyhávania firiem v ilustračných príkladoch. Rozdiel v prístupoch spoločností k reštrukturálizáciam v porovnaní so zahraničím ( Česko, Rumunsko, Rusko a bývalá Juhoslávia. 
610 2 0 |a kríza podniku 
610 2 0 |a reštrukturalizácia finančná 
610 2 0 |a Česko 
610 2 0 |a Rusko 
610 2 0 |a Poľsko 
610 2 0 |a diagnostika podniková 
100 1 |a Pružinová, Kristýna